Statistics for Countries Larger than Ontario

Click here to take the quiz!

General Stats

  • This quiz has been taken 43 times
  • The average score is 16 of 18

Answer Stats

Area km²Area mi²Country% Correct
9,596,9613,705,407China
100%
3,287,2631,269,219India
100%
17,098,2466,601,670Russia
100%
9,525,0673,677,649United States
100%
8,515,7673,287,956Brazil
98%
7,692,0242,969,907Australia
95%
2,724,9001,052,100Kazakhstan
93%
2,780,4001,073,500Argentina
90%
2,344,858905,355DR Congo
90%
1,564,110603,910Mongolia
90%
2,381,741919,595Algeria
88%
1,648,195636,372Iran
85%
1,964,375758,449Mexico
85%
1,910,931737,815Indonesia
83%
1,759,540679,360Libya
83%
2,149,690830,000Saudi Arabia
80%
1,861,484718,723Sudan
65%
2,220,093857,183Denmark
48%

Score Distribution

Percentile by Number Answered

Percent of People with Each Score

Your Score History

You have not taken this quiz